| 000 | 00761nam a2200241 a 4500 | ||
|---|---|---|---|
| 001 | 1942 | ||
| 003 | CDMR | ||
| 005 | 20131212110639.0 | ||
| 008 | 130416b2011 sp ||||| |||| 00| 0 cat d | ||
| 020 | _a9788486953362 | ||
| 040 |
_aCDMR _bcat _cCPC GIRONA |
||
| 100 | 1 |
_aRodríguez, Àngel _91445 |
|
| 245 | 1 | 3 |
_aLa comunicació catòlica a la diòcesi de Girona _cÀngel Rodríguez Vilagran |
| 260 |
_bInstitut d'Estudis Gironins _a[Girona] |
||
| 260 |
_c2011 _bAjuntament de Girona |
||
| 300 |
_a143 p. _bil. |
||
| 490 | 0 |
_aMonografies Girona Ciutat _v9 |
|
| 490 | 0 | _aPatrimoni cultural | |
| 610 | 2 |
_93200 _aEsglésia Catòlica _zGirona |
|
| 650 | 0 | 4 |
_93100 _aPremsa catòlica |
| 650 | 0 | 4 |
_94513 _aMitjans de comunicació de massa en la religió |
| 942 |
_cMON _2udc |
||
| 999 |
_c1942 _d1942 |
||